Die 200 beliebtesten ♂ ♀ Vornamen in Spanien - Statistiken

Allgemein
  • Dieses Quiz wurde 60 mal gespielt
  • Das Durchschnittsergebnis liegt bei 37 aus 202
Antwortstatistiken
♀ / ♂ Name % Korrekt
Jungen - - > | Mädchen - - > ⤵️
100%
M3 Mar
84%
J4 Juan
68%
C6 Carlos
60%
D6 Daniel
60%
J4 Jose
60%
L3 Leo
60%
L4 Luis
56%
M5 Maria
56%
P3 Pau
56%
M4 Marc
52%
F8 Fernando
48%
M5 Marco
48%
A4 Alex
46%
D5 David
46%
P5 Pedro
46%
A7 Antonio
44%
P5 Pablo
44%
L3 Lia
42%
J5 Jesus
40%
J5 Jorge
38%
N4 Nico
38%
S6 Sergio
38%
A9 Alejandro
36%
E4 Eric
36%
J5 Julia
36%
L5 Laura
36%
L4 Luca
36%
M5 Marti
36%
M6 Miguel
36%
S4 Sara
36%
V6 Victor
36%
A5 Angel
34%
M6 Manuel
34%
A6 Alvaro
32%
M5 Marta
32%
M6 Martin
32%
A6 Adrian
30%
J6 Javier
30%
J3 Jon
30%
L5 Lucas
30%
M5 Mario
30%
M5 Mateo
30%
P5 Paula
30%
R4 Raul
30%
A3 Ana
28%
D5 Diego
28%
E4 Emma
28%
H4 Hugo
28%
I4 Iker
28%
O6 Olivia
28%
S5 Sofia
28%
G7 Gabriel
26%
L5 Lucia
26%
M3 Mia
26%
N3 Noa
26%
V8 Victoria
26%
A7 Alberto
24%
A6 Andrea
24%
I6 Isabel
24%
M6 Marcos
24%
R6 Rafael
24%
A6 Andrés
22%
C5 Carla
22%
D7 Daniela
22%
I4 Ivan
22%
J3 Jan
22%
M3 Max
22%
N7 Nicolas
22%
S6 Samuel
22%
U4 Unai
22%
A5 Aitor
20%
A4 Alba
20%
F5 Fabio
20%
L4 Lara
20%
L4 Lina
20%
C8 Cristina
18%
E5 Elena
18%
G7 Gonzalo
18%
L4 Luna
18%
R5 Ruben
18%
V7 Valeria
18%
C5 Clara
16%
E3 Eva
16%
H6 Hector
16%
I8 Isabella
16%
N4 Noah
16%
O6 Oliver
16%
R7 Rodrigo
16%
V9 Valentina
16%
A4 Adam
14%
A5 Ander
14%
A5 Asier
14%
D5 Diana
14%
I3 Ian
14%
I4 Ines
14%
M6 Marina
14%
N4 Nora
14%
P3 Pol
14%
Z3 Zoe
14%
A6 Angela
12%
C8 Carolina
12%
C7 Claudia
12%
F9 Francisco
12%
H6 Helena
12%
I5 Isaac
12%
J5 Jaime
12%
J4 Jana
12%
J5 Julen
12%
K3 Kai
12%
L4 Luka
12%
V4 Vera
12%
A4 Alan
10%
A9 Alejandra
10%
A6 Alicia
10%
A4 Alma
10%
C6 Carmen
10%
G8 Gabriela
10%
L4 Lola
10%
M4 Mara
10%
N7 Natalia
10%
S8 Santiago
10%
S4 Saul
10%
A5 Aaron
8%
A7 Adriana
8%
A6 Aurora
8%
C5 Celia
8%
E4 Elia
8%
E4 Elsa
8%
E4 Enzo
8%
E4 Erik
8%
J4 Joel
8%
L4 Liam
8%
M7 Manuela
8%
M7 Martina
8%
M6 Matias
8%
T6 Thiago
8%
A5 Arnau
6%
B5 Blanca
6%
B5 Bruno
6%
C7 Carlota
6%
E5 Elias
6%
G9 Guillermo
6%
I5 Irene
6%
M7 Mohamed
6%
O3 Ona
6%
A6 Ainhoa
4%
A6 Aitana
4%
A5 Aleix
4%
A4 Amir
4%
A5 Amira
4%
A4 Axel
4%
B5 Berta
4%
C6 Camila
4%
C5 Chloe
4%
D5 Dario
4%
I7 Ignacio
4%
N5 Nahia
4%
N4 Naia
4%
N5 Nerea
4%
N3 Nil
4%
R5 Rocio
4%
Y6 Yasmin
4%
A6 Africa
2%
A4 Aina
2%
A6 Alonso
2%
A7 Ariadna
2%
B4 Biel
2%
C7 Candela
2%
C4 Cloe
2%
G4 Gala
2%
I5 India
2%
I4 Iris
2%
J6 Jimena
2%
L4 Laia
2%
L5 Leire
2%
L5 Leyre
2%
M8 Macarena
2%
N4 Nour
2%
T6 Triana
2%
V7 Violeta
2%
A5 Abril
0%
A5 Adara
0%
A4 Aday
0%
A6 Ainara
0%
A5 Amaia
0%
A5 Arlet
0%
A4 Aroa
0%
C8 Cayetana
0%
D5 Dylan
0%
F6 Fatima
0%
G4 Gael
0%
I4 Iria
0%
I6 Ismael
0%
I4 Izan
0%
J7 Julieta
0%
M4 Maia
0%
N6 Neizan
0%
R5 Rayan
0%
V4 Vega
0%
Y7 Youssef
0%
Keine übereinstimmenden Quizze gefunden
Verteilung der Resultate
Anzahl Personen mit jedem Resultat
Perzentil nach korrekt beantworteten Fragen
Ihre Resultats-Entwicklung
Sie haben dieses Quiz noch nicht gespielt